00910cam a22002771 4500001001300000003000400013005001700017008004100034010001700075035001900092040002100111042001200132043001200144050002200156051002500178100003600203245009800239260004300337300005500380490004100435500002000476650002100496650004100517810005700558999001700615gs 15000666 DLC20260227111318.0790920s1915 dcuabf f001 0 eng  ags 15000666  a(OCoLC)5392258 aDLCcICharEdDLC apremarc an-us-nv00aQE75b.B9 no. 601 aTN24.N3bL5cCopy 2.1 aLindgren, Waldemar,d1860-1939.10aGeology and mineral deposits of the National mining district, Nevada /cby Waldemar Lindgren. aWashington,bGovt. Print. Off.,c1915. a58 p. :bill., plates, fold. maps, diagrs.c24 cm.1 aU.S. Geological survey. Bulletin 601 aIncludes index. 0aGeologyzNevada. 0aMines and mineral resourceszNevada.1 aUnited States.bGeological Survey.tBulletin ;v601. c25560d25560